LEADER 01353nam 22004214a 450 001 9910795839803321 005 20200520144314.0 010 0 $a0195347811 010 0 $a9780195347814 035 $a(MiAaPQ)EBC7034728 035 $a(CKB)24235069300041 035 $a(MiAaPQ)EBC422923 035 $a(Au-PeEL)EBL422923 035 $a(CaPaEBR)ebr10273308 035 $a(CaONFJC)MIL70408 035 $a(OCoLC)437109476 035 $a(EXLCZ)9924235069300041 100 $a20020614d2003 uy 0 101 0 $aeng 135 $aur||||||||||| 200 00$aSacred rights$b[electronic resource] $ethe case for contraception and abortion in world religions /$fedited by Daniel C. Maguire 210 $aOxford [UK] ;$aNew York $cOxford University Press$d2003 215 $aviii, 295 p 320 $aIncludes bibliographical references and index. 606 $aBirth control$xReligious aspects 606 $aContraception$xReligious aspects 606 $aAbortion$xReligious aspects 615 0$aBirth control$xReligious aspects. 615 0$aContraception$xReligious aspects. 615 0$aAbortion$xReligious aspects. 676 $a291.5/66 701 $aMaguire$b Daniel C$0919535 801 0$bMiAaPQ 801 1$bMiAaPQ 801 2$bMiAaPQ 912 $a9910795839803321 996 $aSacred rights$93762240 997 $aUNINA